|
|
|
|
| LEADER |
01192cam a2200289 7i4500 |
| 001 |
0000080272 |
| 005 |
20231025090000.0 |
| 020 |
|
|
|a 9780520388727 (electronic book)
|
| 090 |
0 |
0 |
|a HD9666.4
|b .R69 2023
|
| 100 |
1 |
|
|a Roy, Victor
|
| 245 |
1 |
0 |
|a Capitalizing a cure :
|b how finance controls the price and value of medicines
|c Victor Roy.
|
| 264 |
|
|
|a Oakland, California:
|b University of California Press,
|c 2023.
|
| 300 |
|
|
|a 1 online resource (ix, 200 pages):
|b text file, PDF.
|
| 336 |
|
|
|a text
|2 rdacontent
|
| 337 |
|
|
|a computer
|2 rdamedia
|
| 338 |
|
|
|a online resource
|2 rdacarrier
|
| 650 |
|
0 |
|a Sofosbuvir --
|x Prices --
|z United States
|
| 650 |
|
0 |
|a Pharmaceutical industry --
|x Economic aspects --
|z United States
|
| 650 |
|
0 |
|a Hepatitis C --
|x Treatment --
|x Prices --
|z United States
|
| 650 |
|
0 |
|a Drug development --
|x Economic aspects --
|z United States
|
| 650 |
|
0 |
|a Gilead Sciences (Firm)
|
| 650 |
|
0 |
|a Drugs --
|x Prices --
|z United States
|
| 655 |
|
0 |
|a Electronic books
|
| 856 |
4 |
2 |
|u http://library.unisel.edu.my/web/guest/mylibrary
|
| 997 |
|
|
|a Health Sciences, Faculty
|
| 998 |
|
|
|a Biomedical Science, Degree
|
| 999 |
|
|
|a EBO0022389
|b EBOOK
|c EBOOK
|e Electronic resources
|